| 000 | 00493cam a2200181ua 4500 | ||
|---|---|---|---|
| 020 |
_a81 85004 05 6 _c140.00 |
||
| 041 |
_aeng _h |
||
| 082 |
_a027.7 _bDAT/AC |
||
| 100 | _aDatta, N . | ||
| 245 |
_aAcademic status for university and college librarians in India / _cN Datta. _hTextual Documents |
||
| 250 |
_a1 / _b. |
||
| 260 |
_aDelhi : _bIndian bibliographies Bureau , _c1985. |
||
| 300 | _a208 ; . | ||
| 365 | _a140.00 | ||
| 504 | _a | ||
| 942 | _cBK | ||
| 999 |
_c7796 _d7796 |
||